000 01149na a2200301 4500
001 15446
003 MIRAKIL
005 20181213154932.0
008 161019b tu 000 0
035 _a15446
040 _aMilas
_btur
_cTR-AnCHP
041 _atur
082 _aCHP 323.34
_bK22k 2000
090 _aCHP 323.34 K22k 2000
111 _aKadın Sosyalist Enternasyonali Büro Toplantısı
_cBrüksel
_d2000
245 _aKadın sosyalist enternasyonali büro toplantısı 8-9 Nisan 2000 Brüksel
_bCinsiyet dengesine dayalı demokrasi bir barış kültürü için birlikte çalışma
_cDemet ışık
246 _aCinsiyet dengesine dayalı demokrasi bir barış kültürü için birlikte çalışma
260 _aBrüksel
_b[yay.y.]
_c2000
300 _a40 s.
_c30 sm.
500 _a25 - 26 Mayıs 2000 parti meclisine sunulan rapor
504 _aKaynakça var.
610 _aCumhuriyet Halk Partisi (CHP)
_xSosyalist Enternasyonal
_yToplantılar
650 _aKadınlar
_xŞiddet
_zTürkiye
650 _aKadınlar
_xSivil haklar
650 _aKadınlar
_zSosyalist Enternasyonal
700 _aIşık, Demet
942 _2ddc
_cBKS
999 _c3458
_d3458